000 00638nam a2200229Ia 4500
003 OSt
005 20220924123326.0
006 a|||||r|||| 00| 0
007 ta
008 220923b |||||||| |||| 00| 0 hin d
024 _a58672
037 _cTextual
040 _aARTS
_cARTS
_bhin
041 _2hin
_ahin
082 _aQ1:24:g, 152M6.1 (RR/FAL)
100 _aTripathi Chandrabali
_9192446
245 0 _aUpanishad ragasya
260 _aN.D
_bNational Pub House
_c1986
650 _aRELIGION
942 _hQ1:24:g, 152M6.1 (RR/FAL)
_cTEXL
_2CC
999 _c415289
_d415289